Crossword #1 - Statistics

General Stats
  • This quiz has been taken 95 times
  • The average score is 117 of 190
Answers on the Map
Answers color-coded by a green-red scale on the quiz's map according to % correct below.
 
Answer Stats
Answer % Correct
bus3
93%
bus1
90%
bus2
90%
idol1
87%
erebus1
86%
melanin1
86%
mer1
86%
ounces2
86%
boron5
84%
blueprint9
83%
ounces3
83%
ounces5
83%
adware2
81%
ether1
81%
javasea6
81%
oil3
81%
ounces1
81%
ounces4
81%
ounces6
81%
perkeo2
81%
placid2
81%
dovetail8
80%
sag1
80%
von2
80%
von3
80%
boron2
79%
rsa3
79%
ing1
77%
ing2
77%
ing3
77%
melanin6
77%
melanin7
77%
oil1
77%
oil2
77%
sag2
77%
area2
76%
blueprint4
76%
melanin2
76%
melanin3
76%
melanin4
76%
melanin5
76%
tarot4
76%
von1
76%
blueprint5
74%
area1
73%
area3
73%
area4
73%
blueprint1
73%
blueprint2
73%
placid1
73%
rags4
73%
tarot2
73%
tarot5
73%
adware1
71%
blueprint3
71%
blueprint8
71%
boron3
71%
cherokee8
71%
emit1
71%
emit3
71%
mob3
71%
perkeo1
71%
rest4
71%
tarot3
71%
crts4
70%
rags1
70%
sag3
70%
tarot1
70%
blueprint6
69%
blueprint7
69%
emit4
69%
erebus5
69%
idol3
69%
javasea3
69%
nodeposit8
69%
placid5
69%
rags3
69%
dovetail3
67%
kyoto3
67%
ordains7
67%
pbs1
67%
rags2
67%
dovetail4
66%
javasea4
66%
kyoto2
66%
nor2
66%
ordains4
66%
dovetail7
64%
emit2
64%
ether4
64%
kyoto5
64%
mer3
64%
rsa2
64%
adware5
63%
boron1
63%
boron4
63%
cadets3
63%
concoct1
63%
concoct3
63%
kyoto1
63%
kyoto4
63%
nodeposit9
63%
ordains5
63%
perkeo5
63%
erebus6
61%
mer2
61%
pbs3
61%
pietas2
61%
square3
61%
dovetail1
60%
pbs2
60%
cherokee3
59%
erebus3
59%
idol2
59%
idol4
59%
mob1
59%
msg1
59%
nor3
59%
ordains3
59%
sts3
59%
cadets1
57%
cadets2
57%
dovetail2
57%
ether5
57%
mob2
57%
ordains6
57%
cadets4
56%
cadets5
56%
nodeposit3
56%
nor1
56%
rsa1
56%
cadets6
54%
dovetail6
54%
placid6
54%
ether2
53%
ordains2
53%
square1
53%
square2
53%
square5
53%
ether3
51%
msg2
51%
msg3
51%
ordains1
51%
placid4
51%
concoct5
50%
erebus2
50%
pietas4
50%
placid3
50%
square4
50%
square6
50%
dovetail5
47%
erebus4
47%
cherokee4
46%
javasea5
46%
concoct2
41%
concoct4
41%
concoct6
41%
cherokee5
40%
cherokee6
40%
concoct7
40%
nodeposit4
40%
rest1
40%
rest2
40%
rest3
40%
cherokee2
39%
perkeo4
39%
pietas1
39%
pietas5
39%
sts1
39%
adware4
37%
cherokee1
37%
cherokee7
37%
javasea1
37%
javasea7
37%
adware6
36%
nodeposit2
36%
perkeo6
36%
pietas3
36%
sts2
36%
crts1
34%
crts2
34%
javasea2
34%
nodeposit1
34%
nodeposit6
34%
pietas6
34%
nodeposit5
33%
crts3
31%
nodeposit7
30%
perkeo3
30%
adware3
27%
No matching quizzes found
Score Distribution
Percent of People with Each Score
Percentile by Number Answered
Your Score History
You have not taken this quiz